| 000 | 00342nam a2200133Ia 4500 | ||
|---|---|---|---|
| 008 | 220204s9999 xx 000 0 und d | ||
| 082 |
_a582.29 _bARU |
||
| 100 | _aARUNKUMAR MISRA | ||
| 245 | 0 | _aLichens: A preliminary text | |
| 260 |
_aNew Delhi _bOxford & IBH _c1978 |
||
| 650 | _aLichen | ||
| 700 | _aRAGAVENDRA PRASAD AGRAWAL | ||
| 942 | _cBK | ||
| 999 |
_c33421 _d33421 |
||